[Event "Niedersachsen-ch U18"]
[Site "Norderney"]
[Date "2014.04.17"]
[Round "8"]
[White "Drehwald, Manuel Sebastian"]
[Black "Thole, Ann Christin"]
[Result "1/2-1/2"]
[WhiteElo "1786"]
[BlackElo "1672"]
[PlyCount "124"]
[EventDate "2014.04.??"]
[EventType "swiss"]
[EventRounds "9"]
[EventCountry "GER"]
[SourceTitle "EXT 2017"]
[Source "ChessBase"]
[SourceDate "2016.10.25"]
[SourceVersion "1"]
[SourceVersionDate "2016.10.25"]
[SourceQuality "1"]

1. e4 e6 2. d4 d5 3. Nc3 Nf6 4. Bg5 Be7 5. e5 Nfd7 6. h4 c5 7. Nb5 f6 8. Bd3 Nf8 9. exf6 Bxf6 10. Bf4 Na6 11. Nd6+ Ke7 12. Nf3 c4 13. Bf1 Ng6 14. Bg3 Qb6 15. h5 Nf8 16. Bf4 Nc7 17. g4 h6 18. Qe2 Nb5 19. Nxc8+ Rxc8 20. c3 Kd7 21. Bh3 g5 22. hxg6 Nxg6 23. Ne5+ Bxe5 24. Bxe5 Nxe5 25. Qxe5 Qd6 26. Qxd6+ Nxd6 27. f3 Rcf8 28. Ke2 Rf4 29. Rh2 Rhf8 30. Bg2 Nf7 31. Rf1 Rf6 32. f4 Nd6 33. Ke3 Rg8 34. Bf3 Rfg6 35. Rfh1 Nf7 36. Rh4 Rf6 37. R1h2 a5 38. Rh1 b5 39. a3 Rb8 40. Rh5 b4 41. axb4 axb4 42. g5 hxg5 43. fxg5 Rf5 44. g6 Rxh5 45. Rxh5 bxc3 46. bxc3 Nd6 47. Bg4 Rg8 48. Rh7+ Kc6 49. Bh5 Ne4 50. Rf7 Nxc3 51. g7 Ne4 52. Kf4 c3 53. Bd1 Kd6 54. Bc2 Kc6 55. Kg4 Nd6 56. Ra7 Nf5 57. Kg5 Rxg7+ 58. Rxg7 Nxg7 59. Kf6 Nf5 60. Ke5 Kb5 61. Bd3+ Kb4 62. Kxe6 Ne3 1/2-1/2

[Event "Niedersachsen-ch U18"]
[Site "Norderney"]
[Date "2014.04.16"]
[Round "7"]
[White "Seidenstuecker, Hans Lennart"]
[Black "Thole, Ann Christin"]
[Result "0-1"]
[WhiteElo "1341"]
[BlackElo "1672"]
[PlyCount "82"]
[EventDate "2014.04.??"]
[EventType "swiss"]
[EventRounds "9"]
[EventCountry "GER"]
[SourceTitle "EXT 2017"]
[Source "ChessBase"]
[SourceDate "2016.10.25"]
[SourceVersion "1"]
[SourceVersionDate "2016.10.25"]
[SourceQuality "1"]

1. c4 e6 2. d4 d5 3. Nc3 Nf6 4. Bg5 Be7 5. cxd5 exd5 6. e3 0-0 7. Bd3 c6 8. Qc2 Nbd7 9. Nf3 Re8 10. 0-0 Nf8 11. a3 a5 12. Bxf6 Bxf6 13. b4 axb4 14. axb4 Bg4 15. Nd2 Be7 16. b5 Bd6 17. Rfb1 Qh4 18. Nf1 Ne6 19. bxc6 bxc6 20. Be2 Ng5 21. Rxa8 Rxa8 22. Bxg4 Qxg4 23. Ng3 h5 24. Qe2 Qxe2 25. Ncxe2 g6 26. f4 Ne6 27. Rb6 Rc8 28. f5 Ng5 29. fxg6 fxg6 30. h4 Nf7 31. e4 dxe4 32. Nxe4 Be7 33. g3 Kg7 34. Rb7 Re8 35. Nf4 Kh6 36. Nc5 Bxc5 37. dxc5 Ne5 38. Rc7 Ra8 39. Re7 Nf3+ 40. Kf2 Nd4 41. Ke3 Nf5+ 0-1

[Event "GER-chT Lands U20"]
[Site "Hannover"]
[Date "2012.10.01"]
[Round "4.7"]
[White "Thole, Ann Christin"]
[Black "Diener, Carolin Valeria"]
[Result "1-0"]
[WhiteElo "1595"]
[BlackElo "1574"]
[PlyCount "79"]
[EventDate "2012.09.29"]
[EventType "team-swiss"]
[EventRounds "7"]
[EventCountry "GER"]
[SourceTitle "CBM 150 Extra"]
[Source "ChessBase"]
[SourceDate "2012.10.19"]
[SourceVersion "1"]
[SourceVersionDate "2012.10.19"]
[SourceQuality "1"]
[WhiteTeam "Niedersachsen II"]
[BlackTeam "Hessen II"]
[WhiteTeamCountry "GER"]
[BlackTeamCountry "GER"]

1. e4 e5 2. Nc3 Nc6 3. Bc4 Nf6 4. d3 Bc5 5. f4 d6 6. f5 h6 7. Bd2 Bd7 8. Nf3 a6 9. Qe2 Qe7 10. 0-0-0 Nd4 11. Nxd4 Bxd4 12. g4 0-0-0 13. h4 Bc6 14. g5 Bxc3 15. Bxc3 hxg5 16. hxg5 Nd7 17. Qg4 Kb8 18. Rh5 Nb6 19. Bb3 Rde8 20. Rdh1 Rxh5 21. Qxh5 d5 22. a3 dxe4 23. dxe4 Bxe4 24. Re1 Bxf5 25. Rxe5 Qd7 26. Rxe8+ Qxe8 27. Bxf7 Qf8 28. g6 Bd7 29. Qh7 Qc5 30. Qh2 Qf8 31. Be5 Na8 32. Qd2 Bc6 33. Qd4 Qe7 34. b4 Qg5+ 35. Kb2 Bf3 36. Bxg7 Bh5 37. Bf6 Qg2 38. Qd8+ Ka7 39. Bd4+ b6 40. Bd5 1-0

[Event "Niedersachsen-ch U16"]
[Site "Rotenburg"]
[Date "2012.04.04"]
[Round "8"]
[White "Beinke, Lukas"]
[Black "Thole, Ann Christin"]
[Result "1-0"]
[WhiteElo "1791"]
[BlackElo "1485"]
[PlyCount "99"]
[EventDate "2012.03.31"]
[EventType "swiss"]
[EventRounds "9"]
[EventCountry "GER"]
[SourceTitle "EXT 2015"]
[Source "ChessBase"]
[SourceDate "2014.11.20"]
[SourceVersion "1"]
[SourceVersionDate "2014.11.20"]
[SourceQuality "1"]

1. e4 d5 2. exd5 Qxd5 3. Nc3 Qa5 4. Bc4 Nf6 5. d3 c6 6. Nge2 Bf5 7. 0-0 e6 8. Ng3 Bg6 9. f4 Bd6 10. Bd2 Qc7 11. Nce4 Nxe4 12. dxe4 Qb6+ 13. Kh1 Qd4 14. Bd3 h5 15. Bc3 Qc5 16. f5 h4 17. fxg6 hxg3 18. gxf7+ Kf8 19. h3 Qg5 20. Qf3 Nd7 21. Be2 Rh4 22. Rad1 Ne5 23. Bxe5 Bxe5 24. Qa3+ Qe7 25. Qxe7+ Kxe7 26. Bg4 Rf8 27. b3 Bf6 28. Rf3 Rfh8 29. Kg1 Rf8 30. Rfd3 Rxf7 31. Rd7+ Ke8 32. Rxf7 Kxf7 33. Rd7+ Ke8 34. Rxb7 Kd8 35. Kf1 Bd4 36. Ke2 Rh6 37. Kf3 Rf6+ 38. Kxg3 Be5+ 39. Kh4 Rh6+ 40. Kg5 Bf6+ 41. Kf4 g5+ 42. Ke3 c5 43. Rxa7 Bd4+ 44. Kd2 Rf6 45. Bf3 Rg6 46. Rh7 Kc8 47. Kd3 Kd8 48. Kc4 Kc8 49. c3 Be3 50. a4 1-0

[Event "Niedersachsen-ch U16"]
[Site "Rotenburg"]
[Date "2012.04.04"]
[Round "7"]
[White "Thole, Ann Christin"]
[Black "Remmert, Julian"]
[Result "1-0"]
[WhiteElo "1485"]
[BlackElo "1294"]
[PlyCount "121"]
[EventDate "2012.03.31"]
[EventType "swiss"]
[EventRounds "9"]
[EventCountry "GER"]
[SourceTitle "EXT 2015"]
[Source "ChessBase"]
[SourceDate "2014.11.20"]
[SourceVersion "1"]
[SourceVersionDate "2014.11.20"]
[SourceQuality "1"]

1. d4 Nf6 2. Nc3 d5 3. Bf4 e6 4. f3 c5 5. e3 cxd4 6. exd4 a6 7. Qd2 Nc6 8. 0-0-0 Be7 9. h4 h5 10. Nh3 b5 11. Nf2 Nd7 12. g4 hxg4 13. fxg4 Nb6 14. g5 g6 15. Ng4 Nc4 16. Qf2 b4 17. Ne4 Qa5 18. Kb1 Qb6 19. Nh6 e5 20. Bxc4 dxc4 21. Be3 Rf8 22. dxe5 Qb8 23. Nd6+ Bxd6 24. exd6 Be6 25. Bc5 Kd7 26. Rhg1 c3 27. Ng4 Bxg4 28. Rxg4 Nd8 29. Rxb4 Qc8 30. Qe3 Ne6 31. Bd4 cxb2 32. Bxb2 Qc6 33. Qb6 Qxb6 34. Rxb6 Rfb8 35. Rxb8 Rxb8 36. Kc1 Rb6 37. Be5 Nd8 38. Rf1 Rb4 39. Rf4 Rb5 40. Bf6 Nb7 41. Be7 Rd5 42. Rxf7 Nxd6 43. Bxd6+ Kxd6 44. Rf6+ Ke5 45. Rxg6 a5 46. Rf6 Kd4 47. Rf4+ Kc3 48. Rf3+ Kc4 49. Rg3 Rd4 50. g6 Rxh4 51. g7 Kd4 52. g8Q Rh1+ 53. Kb2 a4 54. Rd3+ Kc5 55. Qd5+ Kb6 56. Qxh1 a3+ 57. Rxa3 Kc5 58. Qe4 Kb6 59. Rc3 Ka7 60. Qb4 Ka6 61. Ra3# 1-0

[Event "GER-chT U20 Girls"]
[Site "Osnabrueck"]
[Date "2011.12.30"]
[Round "7.1"]
[White "Tran, My Linh"]
[Black "Thole, Ann Christin"]
[Result "1/2-1/2"]
[WhiteElo "2013"]
[BlackElo "1503"]
[PlyCount "46"]
[EventDate "2011.12.27"]
[EventType "team-swiss"]
[EventRounds "7"]
[EventCountry "GER"]
[SourceTitle "CBM 146 Extra"]
[Source "ChessBase"]
[SourceDate "2012.02.29"]
[SourceVersion "1"]
[SourceVersionDate "2012.02.29"]
[SourceQuality "1"]
[WhiteTeam "Dortmund 1875 (W)"]
[BlackTeam "Lingen (W)"]
[WhiteTeamCountry "GER"]
[BlackTeamCountry "GER"]

1. e4 d5 2. exd5 Qxd5 3. Nc3 Qa5 4. Bc4 Nf6 5. d3 c6 6. Bd2 Qc7 7. Qe2 b5 8. Bb3 a5 9. a4 b4 10. Ne4 Nxe4 11. dxe4 e6 12. Nf3 Nd7 13. Be3 Be7 14. 0-0 0-0 15. Nd2 c5 16. Nc4 Ba6 17. Rfe1 Rfd8 18. Qf3 Ne5 19. Nxe5 Qxe5 20. Bf4 Qxb2 21. Qg3 Qf6 22. Be5 Qg5 23. Qxg5 Bxg5 1/2-1/2

[Event "GER-chT U14 Girls"]
[Site "Gross Doelln"]
[Date "2010.12.29"]
[Round "5.2"]
[White "Thole, Ann Christin"]
[Black "Simon, Tessa"]
[Result "0-1"]
[WhiteElo "1288"]
[BlackElo "1241"]
[PlyCount "38"]
[EventDate "2010.12.27"]
[EventType "team-swiss"]
[EventRounds "7"]
[EventCountry "GER"]
[SourceTitle "CBM 140 Extra"]
[Source "ChessBase"]
[SourceDate "2011.03.01"]
[SourceVersion "1"]
[SourceVersionDate "2011.03.01"]
[SourceQuality "1"]
[WhiteTeam "Lingen"]
[BlackTeam "Muldental Wilkau Hasslau"]
[WhiteTeamCountry "GER"]
[BlackTeamCountry "GER"]

1. e4 e5 2. Nf3 Nc6 3. d4 exd4 4. Nxd4 Bc5 5. Be3 Qf6 6. c3 Nge7 7. Bc4 Ne5 8. Bb3 Qg6 9. Nb5 Qxg2 10. Nxc7+ Kf8 11. Rf1 Bxe3 12. Nxa8 Nf3+ 13. Ke2 Bf4 14. Na3 d5 15. Kd3 Ne5+ 16. Kd4 Qxe4+ 17. Kc5 Nd7+ 18. Kb5 a6+ 19. Ka5 Nc6# 0-1

[Event "GER-ch U14 DEM op"]
[Site "Oberhof"]
[Date "2010.05.28"]
[Round "6"]
[White "Mann, Jonas"]
[Black "Thole, Ann Christin"]
[Result "1-0"]
[WhiteElo "1288"]
[BlackElo "1142"]
[PlyCount "43"]
[EventDate "2010.05.23"]
[EventType "swiss"]
[EventRounds "7"]
[EventCountry "GER"]
[SourceTitle "CBM 136 Extra"]
[Source "ChessBase"]
[SourceDate "2010.07.02"]
[SourceVersion "2"]
[SourceVersionDate "2010.07.15"]
[SourceQuality "1"]

1. Nc3 d5 2. e4 d4 3. Nce2 e5 4. Ng3 Be6 5. b3 Nc6 6. Bc4 Bxc4 7. bxc4 Nf6 8. d3 b6 9. N1e2 Bb4+ 10. Bd2 0-0 11. 0-0 Qd7 12. h3 Qe6 13. f4 Rfe8 14. fxe5 Qxe5 15. Rf5 Qd6 16. Bg5 Nd7 17. Rd5 Qf8 18. Rxd7 Bd6 19. Nf5 Rec8 20. Bf4 Ne5 21. Bxe5 Bxe5 22. Ne7+ 1-0

[Event "GER-ch U14 DEM op"]
[Site "Oberhof"]
[Date "2010.05.27"]
[Round "5"]
[White "Thole, Ann Christin"]
[Black "Herbrig, Marie Helen"]
[Result "1-0"]
[WhiteElo "1142"]
[BlackElo "1368"]
[PlyCount "83"]
[EventDate "2010.05.23"]
[EventType "swiss"]
[EventRounds "7"]
[EventCountry "GER"]
[SourceTitle "CBM 136 Extra"]
[Source "ChessBase"]
[SourceDate "2010.07.02"]
[SourceVersion "2"]
[SourceVersionDate "2010.07.15"]
[SourceQuality "1"]

1. e4 c5 2. c3 e6 3. d4 cxd4 4. cxd4 d6 5. Nf3 Nc6 6. d5 exd5 7. exd5 Ne5 8. Nc3 a6 9. Be2 Nf6 10. 0-0 b5 11. Re1 Be7 12. Nxe5 dxe5 13. Bf3 Bd6 14. Bg5 h6 15. Bh4 Bf5 16. Ne4 Bxe4 17. Bxe4 0-0 18. Qf3 g5 19. Bg3 Kg7 20. Bd3 Qe7 21. Qf5 Rfe8 22. f4 Bc5+ 23. Kh1 gxf4 24. Bxf4 Bd6 25. Re3 Rh8 26. Bxe5 Bxe5 27. Rxe5 Qd6 28. Rf1 Rac8 29. Re3 Rb8 30. Rg3+ Kf8 31. Qxf6 Qxf6 32. Rxf6 Ke7 33. Rgf3 Rbf8 34. Rxa6 b4 35. Bc4 Rc8 36. d6+ Kd8 37. b3 Rf8 38. h4 f5 39. Be6 Rb8 40. Rxf5 Rh8 41. Rfa5 Ke8 42. Ra8 1-0

[Event "GER-ch U14 DEM op"]
[Site "Oberhof"]
[Date "2010.05.24"]
[Round "2"]
[White "Eggert, Daniela"]
[Black "Thole, Ann Christin"]
[Result "0-1"]
[WhiteElo "971"]
[BlackElo "1142"]
[PlyCount "52"]
[EventDate "2010.05.23"]
[EventType "swiss"]
[EventRounds "7"]
[EventCountry "GER"]
[SourceTitle "CBM 136 Extra"]
[Source "ChessBase"]
[SourceDate "2010.07.02"]
[SourceVersion "2"]
[SourceVersionDate "2010.07.15"]
[SourceQuality "1"]

1. e4 c5 2. Nc3 e6 3. Nf3 Nc6 4. Bb5 Nge7 5. 0-0 g6 6. d3 Bg7 7. Bg5 Qb6 8. Bxc6 Nxc6 9. Qd2 Qxb2 10. Na4 Qa3 11. Nc3 Bxc3 12. Qf4 0-0 13. Rac1 d5 14. Bh6 Bg7 15. Bxg7 Kxg7 16. Ra1 Qb2 17. Ng5 Qxc2 18. Rfe1 Qxd3 19. Re3 Qd4 20. Rf1 Qf6 21. Qh4 h6 22. Rh3 Qxg5 23. Qxg5 hxg5 24. exd5 exd5 25. Rd1 Bxh3 26. gxh3 d4 0-1

[Event "GER-ch U14 DEM op"]
[Site "Oberhof"]
[Date "2010.05.23"]
[Round "1"]
[White "Thole, Ann Christin"]
[Black "Hansch, Stephan"]
[Result "0-1"]
[WhiteElo "1142"]
[BlackElo "1832"]
[PlyCount "70"]
[EventDate "2010.05.23"]
[EventType "swiss"]
[EventRounds "7"]
[EventCountry "GER"]
[SourceTitle "CBM 136 Extra"]
[Source "ChessBase"]
[SourceDate "2010.07.02"]
[SourceVersion "2"]
[SourceVersionDate "2010.07.15"]
[SourceQuality "1"]

1. c4 Nf6 2. Nc3 g6 3. g3 Bg7 4. Bg2 0-0 5. Nf3 d6 6. 0-0 Nc6 7. d3 e5 8. Bg5 h6 9. Bxf6 Bxf6 10. Nd5 Bg7 11. b4 e4 12. Rb1 exf3 13. Bxf3 Ne7 14. Nxe7+ Qxe7 15. Bg2 Re8 16. e3 c6 17. a4 a5 18. b5 c5 19. Qd2 Qe5 20. Rfc1 Qg5 21. Qe2 Bd4 22. f4 Qe7 23. Be4 f5 24. exd4 fxe4 25. Re1 e3 26. dxc5 dxc5 27. g4 Qh4 28. Qf3 Qxg4+ 29. Qxg4 Bxg4 30. Kg2 Rad8 31. Rb3 Bf5 32. Kf3 Rxd3 33. Rxd3 Bxd3 34. Rxe3 Rxe3+ 35. Kxe3 Bxc4 0-1